Axomiya samskrite : (Record no. 3989)

MARC details
000 -LEADER
fixed length control field 00523cam a2200193ua 4500
001 - CONTROL NUMBER
control field 4171
005 - DATE AND TIME OF LATEST TRANSACTION
control field 20260515113809.0
008 - FIXED-LENGTH DATA ELEMENTS--GENERAL INFORMATION
fixed length control field 111219n ii |||gr||||Z||||||asm
040 ## - CATALOGING SOURCE
Transcribing agency MAIN
082 ## - DEWEY DECIMAL CLASSIFICATION NUMBER
Classification number 398.0541
100 1# - MAIN ENTRY--PERSONAL NAME
Personal name Das, Bhuban Mohan,
245 11 - TITLE STATEMENT
Title Axomiya samskrite :
Remainder of title nrattvik bicar /
Statement of responsibility, etc. by Bhuban Mohan Das
250 ## - EDITION STATEMENT
Edition statement 1st.
260 ## - PUBLICATION, DISTRIBUTION, ETC.
Place of publication, distribution, etc. Dibrugarh:
Name of publisher, distributor, etc. Assamese deptt. Dibrugarh University,
Date of publication, distribution, etc. 2000.
300 ## - PHYSICAL DESCRIPTION
Extent 83p:
Dimensions 23cm.
653 ## - INDEX TERM--UNCONTROLLED
Uncontrolled term Assamese short stories
653 ## - INDEX TERM--UNCONTROLLED
Uncontrolled term Axomiya samskrite
942 ## - ADDED ENTRY ELEMENTS (KOHA)
Koha item type Books
Holdings
Withdrawn status Lost status Damaged status Not for loan Home library Current library Shelving location Date acquired Total checkouts Full call number Barcode Date last seen Copy number Price effective from Koha item type
        Naharkatiya College Library Naharkatiya College Library General stacks 09/19/2020   398.0541 | DAS 20468 09/19/2020 3 09/19/2020 Books
        Naharkatiya College Library Naharkatiya College Library General stacks 09/19/2020   398.0541 | DAS 20469 09/19/2020 2 09/19/2020 Books
        Naharkatiya College Library Naharkatiya College Library General stacks 09/19/2020   398.0541 | DAS 20470 09/19/2020 1 09/19/2020 Books